Tính toán thiết kế các công trình xử lý nước thải

Enregistré dans:
Détails bibliographiques
Auteur principal:  Trịnh Xuân Lai
Format: Sách
Langue:Undetermined
Publié:  Xây Dựng  2013
Sujets:
Tags: Ajouter un tag
Pas de tags, Soyez le premier à ajouter un tag!
Thư viện lưu trữ: Trung tâm Thư viện - Trường Đại học Công nghiệp TP. Hồ Chí Minh
LEADER 00540nam a2200157Ia 4500
001 UIH_07886
008 231011s9999 xx 000 0 und d
082 |a  628.3 
100 |a  Trịnh Xuân Lai 
245 0 |a  Tính toán thiết kế các công trình xử lý nước thải 
245 0 |c  Trịnh Xuân Lai 
260 |b  Xây Dựng 
260 |c  2013 
650 |a  Xử lý nước thải;  
927 |a Sách 
980 |a Trung tâm Thư viện - Trường Đại học Công nghiệp TP. Hồ Chí Minh